Slike - Statistics

General Stats
  • This quiz has been taken 51 times
  • The average score is 5 of 16
Answer Stats
Picture Answer % Correct
Adolf Hitler
89%
Vinston Čerčil
64%
Draža Mihajlović
51%
Ante Pavelić
43%
Nikolaj Romanov
43%
Aleksandar Karađorđević
40%
Milan Nedić
40%
Petar Karađorđević
34%
Vladimir Lenjin
30%
Lav Trocki
17%
Dvajt Ajzenhauer
6%
Anton Korošec
4%
Dušan Simović
4%
Aleksandar Kerenski
0%
Bernard Montgomeri
0%
Veselin Misita
0%
No matching quizzes found
Score Distribution
Percent of People with Each Score
Percentile by Number Answered
Your Score History
You have not taken this quiz